00598nam a2200193Ia 4500008004100000020001300041082001500054100001900069245001400088250000700102260004500109300003200154500001900186600002100205650005000226942000700276952010600283999001500389240925s9999 xx 000 0 und d a13082610 a004.66 GOL aGoldberg, Dell 0aCore MCSE aNA aNew Jersey:bPrintice- Hall Int.c,1999. aVarious pagesbNAfOriginal aIncludes Index aComputer Science aComputer science, information & general works cBK 001040708CSaUITUbUITUd2001-04-11eNAl0o004.66 GOLpQ3557r2024-09-25 07:13:11w2024-09-25yBK c6056d6056